00762nam a2200193Ia 4500001001000000003000500010008004100015010001100056040000900067100004000076245016700116260003400283300001000317502008900327650002400416650002700440650005100467710005000518Para_8859CHAP220125s2004 xx 000 0 und d a207622 cCHAP aRodríguez Contreras, María Elsa aGenética de la resistencia a roya de la hoja (Puccinia triticina E) en trigos duros (Triticum turdigum var. durum L.) /c por María Elsa Rodríguez Contreras aChapingo, Méx. :b el autor a61 h. aTesis (M.C. Esp. Protección Vegetal) UACh. Departamento Parasitología Agrícola aPuccinia triticina  aTrigo x enfermedades  aTrigo x variedades resistentes a enfermedades aUACh. Departamento Parasitología Agrícola